Sistemas electorales en Guatemala notas para un bosquejo histórico (1871-1963) /

Spremljeno u:
Bibliografski detalji
Glavni autor: Alquijay, Rashid
Format: Tekst
Teme:
Oznake: Dodaj oznaku
Bez oznaka, Budi prvi tko označuje ovaj zapis!

MARC

LEADER 00000 a a2200000 04500
001 45489
003
040 |a CRAI/IIS  |c CRAI/IIS 
090 |a REV0780 (40)2002  
100 |a Alquijay, Rashid  
245 |a Sistemas electorales en Guatemala notas para un bosquejo histórico (1871-1963) /  |c Rashid alquijay; Brisna Caxaj; Edgar Florencio Montúfar  
650 |a ELECCIONES  
650 |a REFORMA CONSTITUCIONAL  
650 |a CRISIS POLITICA  
650 |a TENENCIA DE LA TIERRA  
650 |a IGLESIA CATOLICA  
650 |a COOPERATIVAS  
773 |g número40, V Epoca (2002), páginas 71-92  
999 |c 18182  |d 18182